| 000 | 00438nam a2200181Ia 4500 | ||
|---|---|---|---|
| 001 | 17394 | ||
| 005 | 20260306171514.0 | ||
| 008 | 260306s9999||||xx |||||||||||||| ||und|| | ||
| 041 | _aESP | ||
| 082 |
_a657.835045 _bA49 |
||
| 100 |
_aAlvarez Illanes, Juan Francisco _eAUT |
||
| 245 | 0 | _aAuditoría gubernamental | |
| 260 | _c2003 | ||
| 300 |
_a783 páginas : _c24 cm. |
||
| 650 | _aGEN | ||
| 654 | _aCCO | ||
| 942 |
_cLIB _dJUS _fJUS _2ddc _n |
||
| 999 |
_c17394 _d17394 |
||